Borussia Dortmund All-Time Greatest XI - Statistics

General Stats
  • This quiz has been taken 607 times
  • The average score is 5 of 11
Answer Stats
Position: Nationality: Years Active: Player: % Correct
Attacker Poland 2010-2014 Robert Lewandowski
97%
Defender Germany 2009-2016 Mats Hummels
78%
Defender Germany 1993-1999 Matthias Sammer
60%
Defender Brazil 1998-2011 Dedé
57%
Midfielder Germany 1981-1998 Michael Zorc
49%
Defender Germany 1995-2003 Jürgen Kohler
48%
Midfielder Germany 1993-2007 Lars Ricken
46%
Attacker Switzerland 1991-1999 Stéphane Chapuisat
44%
Attacker Germany 1988~2000 Andreas Möller
30%
Goalkeeper Germany 1963-1967 Hans Tilkowski
14%
Midfielder Germany 1956-1968 Alfred Schmidt
7%
No matching quizzes found
Score Distribution
Percent of People with Each Score
Percentile by Number Answered
Your Score History
You have not taken this quiz